[Event "4. Open Hotel Avenida de Canarias 2010"]
[Site "Vecindario ESP"]
[Date "2010.07.19"]
[Round "3.9"]
[White "Thomas, Fabien"]
[Black "Martinez Martin, David"]
[Result "0-1"]
[WhiteElo "2082"]
[BlackElo "2406"]
[PlyCount "66"]
[EventDate "2010.07.18"]
[EventType "swiss"]
[EventRounds "9"]
[EventCountry "ESP"]
[Source "lmi"]
[SourceDate "2010.07.18"]

1. e4 c5 2. Nf3 d6 3. d4 cxd4 4. Nxd4 Nf6 5. Nc3 Nc6 6. Bg5 e6 7. Bb5 Qb6 8. a4
a6 9. a5 Qc7 10. Bxc6+ bxc6 11. Qf3 Rb8 12. O-O Rxb2 13. Na4 Rb8 14. Bxf6 gxf6
15. Nb6 Rg8 16. Rab1 c5 17. Ne2 Bb7 18. Ng3 f5 19. Qe3 fxe4 20. Nxe4 Rg6 21.
Ng3 Bg7 22. c3 d5 23. Rfd1 Rd8 24. Qe1 d4 25. cxd4 Bxd4 26. Nc4 h5 27. Ne4 Ke7
28. Ncd2 Rdg8 29. g3 f5 30. Nf3 Bxe4 31. Nxd4 Bxb1 32. Rxb1 cxd4 33. Rb6 Rc8
0-1

[Event "4. Open Hotel Avenida de Canarias 2010"]
[Site "Vecindario ESP"]
[Date "2010.07.19"]
[Round "3.10"]
[White "Rudolf, Anna"]
[Black "Natalicchio Escalante, Nicolas"]
[Result "1/2-1/2"]
[WhiteElo "2393"]
[BlackElo "2193"]
[PlyCount "119"]
[EventDate "2010.07.18"]
[EventType "swiss"]
[EventRounds "9"]
[EventCountry "ESP"]
[Source "lmi"]
[SourceDate "2010.07.18"]

1. e4 c5 2. Nf3 d6 3. d4 cxd4 4. Nxd4 Nf6 5. Nc3 a6 6. Be2 e5 7. Nb3 Be7 8. O-O
O-O 9. Be3 Be6 10. Qd2 Nbd7 11. a4 Nb6 12. a5 Nc4 13. Bxc4 Bxc4 14. Rfd1 Rc8
15. Nc1 d5 16. Bb6 Qe8 17. exd5 Bb4 18. d6 Qd7 19. Nd3 Qxd6 20. Nxb4 Qxb4 21.
Ne4 Qxd2 22. Nxf6+ gxf6 23. Rxd2 Be6 24. Ra3 h6 25. Rf3 Kg7 26. Rg3+ Kh7 27. b3
Rg8 28. Re3 Rg6 29. f3 Bf5 30. c4 Rgg8 31. Kf2 Rge8 32. Ree2 Kg7 33. Rd6 Re6
34. Rd5 Ree8 35. Red2 Be6 36. Rd6 Kg6 37. g3 h5 38. h4 Bf5 39. Bd8 Re6 40. Ke3
Rxd6 41. Rxd6 Be6 42. Kd3 Rc6 43. Rxc6 bxc6 44. Kc3 Bf5 45. Bc7 Bb1 46. b4 Kf5
47. b5 cxb5 48. cxb5 axb5 49. Kb4 Bd3 50. a6 Bc4 51. Kc5 Be2 52. f4 b4 53. a7
Bf3 54. Kxb4 Ba8 55. Kc5 e4 56. Kd4 Kg4 57. f5 Kxf5 58. Ke3 Kg4 59. Bb8 Bb7 60.
Bc7 1/2-1/2

[Event "4. Open Hotel Avenida de Canarias 2010"]
[Site "Vecindario ESP"]
[Date "2010.07.19"]
[Round "3.11"]
[White "Rojas Mirabal, Pedro"]
[Black "Cabrera Trujillo, Jorge"]
[Result "0-1"]
[WhiteElo "1996"]
[BlackElo "2365"]
[PlyCount "82"]
[EventDate "2010.07.18"]
[EventType "swiss"]
[EventRounds "9"]
[EventCountry "ESP"]
[Source "lmi"]
[SourceDate "2010.07.18"]

1. c4 Nf6 2. Nc3 g6 3. d4 Bg7 4. e4 d6 5. Nf3 O-O 6. Be2 e5 7. dxe5 dxe5 8.
Qxd8 Rxd8 9. Bg5 Re8 10. h3 c6 11. Rd1 Nbd7 12. Be3 Bf8 13. O-O Nc5 14. Nd2 Ne6
15. Nf3 Nc5 16. Nd2 a5 17. Bxc5 Bxc5 18. Na4 Bb4 19. f3 Nh5 20. a3 Be7 21. c5
Nf4 22. Bc4 Ne6 23. Nb3 Nxc5 24. Nbxc5 b5 25. Ba2 bxa4 26. Rc1 Bg5 27. Rc2 Rd8
28. Re1 Ba6 29. Nxa6 Rxa6 30. g3 Rd7 31. g4 Bd8 32. Kg2 Bb6 33. Bc4 Ra8 34. f4
Bd4 35. Rd1 Rb7 36. fxe5 Bxe5 37. Rdd2 Rab8 38. Rf2 Kg7 39. Ba2 Bd4 40. Rf3
Rxb2 41. Rxf7+ Kh8 0-1

[Event "4. Open Hotel Avenida de Canarias 2010"]
[Site "Vecindario ESP"]
[Date "2010.07.19"]
[Round "3.12"]
[White "Tatai, Stefano"]
[Black "Garcia Blanco, Omar"]
[Result "1/2-1/2"]
[WhiteElo "2357"]
[BlackElo "2179"]
[PlyCount "72"]
[EventDate "2010.07.18"]
[EventType "swiss"]
[EventRounds "9"]
[EventCountry "ESP"]
[Source "lmi"]
[SourceDate "2010.07.18"]

1. e4 c5 2. Nf3 e6 3. d4 cxd4 4. Nxd4 Nc6 5. Nb5 d6 6. c4 Nf6 7. N1c3 a6 8. Na3
Be7 9. Be2 O-O 10. O-O b6 11. Be3 Bb7 12. Qb3 Nd7 13. Rfd1 Nc5 14. Qc2 Nb4 15.
Qb1 Bf6 16. Bd4 Bxd4 17. Rxd4 e5 18. Rd1 Ne6 19. Nd5 Nc6 20. Nc2 Ncd4 21. Bd3
Rc8 22. Nce3 g6 23. Rf1 Bxd5 24. cxd5 Nc5 25. b4 Nxd3 26. Qxd3 b5 27. Rfc1 f5
28. exf5 gxf5 29. f4 Qf6 30. fxe5 dxe5 31. Kh1 e4 32. Qd2 f4 33. Rxc8 Rxc8 34.
Ng4 Qg7 35. Qxf4 Ne2 36. Nh6+ Kh8 1/2-1/2

[Event "4. Open Hotel Avenida de Canarias 2010"]
[Site "Vecindario ESP"]
[Date "2010.07.19"]
[Round "3.13"]
[White "Pile, Richard"]
[Black "Inigo Munoz, Javier"]
[Result "1-0"]
[WhiteElo "2317"]
[BlackElo "2144"]
[PlyCount "43"]
[EventDate "2010.07.18"]
[EventType "swiss"]
[EventRounds "9"]
[EventCountry "ESP"]
[Source "lmi"]
[SourceDate "2010.07.18"]

1. e4 e6 2. d4 d5 3. Nc3 Bb4 4. e5 c5 5. Bd2 Bxc3 6. Bxc3 cxd4 7. Qxd4 Ne7 8.
Nf3 Qc7 9. Qg4 g6 10. Qf4 f5 11. Bb4 Nbc6 12. Bd6 Qb6 13. O-O-O Bd7 14. Qh4 Ng8
15. Kb1 Rc8 16. g4 fxg4 17. Qxg4 Na5 18. Qf4 Kd8 19. Ng5 Nc4 20. Qf8+ Be8 21.
Nxe6+ Kd7 22. Qg7+ 1-0

[Event "4. Open Hotel Avenida de Canarias 2010"]
[Site "Vecindario ESP"]
[Date "2010.07.19"]
[Round "3.14"]
[White "Rodrigo Yanguas, Maria"]
[Black "Larino Nieto, David"]
[Result "0-1"]
[WhiteElo "2092"]
[BlackElo "2461"]
[PlyCount "74"]
[EventDate "2010.07.18"]
[EventType "swiss"]
[EventRounds "9"]
[EventCountry "ESP"]
[Source "lmi"]
[SourceDate "2010.07.18"]

1. e4 d5 2. exd5 Qxd5 3. Nc3 Qa5 4. d4 Nf6 5. Nf3 Nc6 6. Bb5 Ne4 7. Bd2 Nxc3 8.
Bxc6+ bxc6 9. Bxc3 Qd5 10. O-O Bg4 11. Re1 Bxf3 12. Qxf3 Qxf3 13. gxf3 e6 14.
f4 O-O-O 15. Kg2 Rd5 16. Kf3 Bd6 17. Re4 Rd8 18. Rg1 g6 19. b4 Rh5 20. Rg2 Rh3+
21. Rg3 Rxh2 22. Bd2 Be7 23. Be3 Kd7 24. c3 a5 25. a3 axb4 26. axb4 Ra8 27. Rg1
Ra3 28. Rc1 Bd6 29. Bd2 Bxb4 30. Kg3 Rh5 31. Ree1 Bd6 32. Rb1 c5 33. dxc5 Rxc5
34. Rb2 Rc4 35. Rh1 h5 36. Kf3 Raa4 37. Rd1 Kc6 0-1

[Event "4. Open Hotel Avenida de Canarias 2010"]
[Site "Vecindario ESP"]
[Date "2010.07.19"]
[Round "3.15"]
[White "Fernandez Siles, Luis"]
[Black "Rodriguez Melian, Jose Luis"]
[Result "1/2-1/2"]
[WhiteElo "2368"]
[BlackElo "2067"]
[PlyCount "169"]
[EventDate "2010.07.18"]
[EventType "swiss"]
[EventRounds "9"]
[EventCountry "ESP"]
[Source "lmi"]
[SourceDate "2010.07.18"]

1. e4 e5 2. Bc4 Nf6 3. d3 c6 4. Nf3 Qc7 5. O-O Be7 6. Bb3 O-O 7. Re1 d6 8. Nbd2
Nbd7 9. c3 g6 10. Nf1 Kg7 11. d4 Nh5 12. h3 h6 13. N3h2 Nf4 14. Ng3 Nf6 15. Qf3
g5 16. Bxf4 gxf4 17. Nh5+ Nxh5 18. Qxh5 Bf6 19. Rad1 a5 20. Rd3 a4 21. Bd1 exd4
22. cxd4 Qa5 23. Qxa5 Rxa5 24. Bg4 Be6 25. Bxe6 fxe6 26. Nf3 Be7 27. d5 c5 28.
dxe6 Rf6 29. e5 Rxe6 30. exd6 Rxe1+ 31. Nxe1 Bf6 32. d7 Ra8 33. Nf3 Rd8 34. b3
axb3 35. axb3 b5 36. Nd2 Kf7 37. Rd5 Bd4 38. Ne4 Ke6 39. Rh5 c4 40. bxc4 bxc4
41. Nc5+ Bxc5 42. Rxc5 Rxd7 43. Rxc4 Rd1+ 44. Kh2 Kf5 45. Rc5+ Kg6 46. h4 Rd2
47. h5+ Kf6 48. f3 Ra2 49. Kh3 Rb2 50. Kg4 Rxg2+ 51. Kxf4 Rg1 52. Rc6+ Kg7 53.
Rc7+ Kg8 54. Re7 Rg5 55. Re5 Rg1 56. Kf5 Kf7 57. Rd5 Rg5+ 58. Ke4 Rg1 59. f4
Rh1 60. Rf5+ Ke6 61. Ra5 Kf7 62. Ra7+ Kf6 63. Ra6+ Kf7 64. Ke5 Rxh5+ 65. f5 Rh1
66. Ra7+ Kg8 67. Kf6 Rg1 68. Ra8+ Kh7 69. Ke6 Re1+ 70. Kf7 Rb1 71. Re8 h5 72.
f6 h4 73. Re4 Rb7+ 74. Re7 Rb8 75. Ke6+ Kg8 76. Rg7+ Kf8 77. Rh7 Rb6+ 78. Kf5
Rb1 79. Rxh4 Rf1+ 80. Rf4 Rxf4+ 81. Kxf4 Kf7 82. Kf5 Kf8 83. Ke6 Ke8 84. f7+
Kf8 85. Kf6 1/2-1/2

[Event "4. Open Hotel Avenida de Canarias 2010"]
[Site "Vecindario ESP"]
[Date "2010.07.19"]
[Round "3.16"]
[White "Hernandez Leon, Alberto"]
[Black "Alvarado Diaz, Alejandro"]
[Result "1-0"]
[WhiteElo "2274"]
[BlackElo "2068"]
[PlyCount "75"]
[EventDate "2010.07.18"]
[EventType "swiss"]
[EventRounds "9"]
[EventCountry "ESP"]
[Source "lmi"]
[SourceDate "2010.07.18"]

1. e4 d5 2. exd5 Qxd5 3. Nc3 Qa5 4. Bc4 Nf6 5. d4 Nc6 6. d5 Nb4 7. Bd2 Bg4 8.
Nf3 Qc5 9. Bb5+ c6 10. Be3 Qd6 11. dxc6 bxc6 12. Qxd6 exd6 13. Ba4 Bd7 14.
O-O-O Be7 15. Rhe1 O-O 16. a3 Na6 17. Bf4 Rfe8 18. Bxd6 Bxd6 19. Rxd6 Rxe1+ 20.
Nxe1 Re8 21. Nd3 Nb8 22. Nc5 Re1+ 23. Kd2 Rg1 24. Nxd7 Nfxd7 25. Bxc6 Nxc6 26.
Rxd7 g6 27. g3 Rg2 28. Ne4 Rxh2 29. Rc7 Ne5 30. Rxa7 Ng4 31. b4 f5 32. Nc5
Rxf2+ 33. Kd3 Ne5+ 34. Kc3 Rf3+ 35. Nd3 Rxg3 36. b5 f4 37. b6 f3 38. Rc7 1-0

[Event "4. Open Hotel Avenida de Canarias 2010"]
[Site "Vecindario ESP"]
[Date "2010.07.19"]
[Round "3.17"]
[White "Vega Gutierrez, Belinda"]
[Black "Martin Hernandez, Ruben"]
[Result "1/2-1/2"]
[WhiteElo "2266"]
[BlackElo "1988"]
[PlyCount "110"]
[EventDate "2010.07.18"]
[EventType "swiss"]
[EventRounds "9"]
[EventCountry "ESP"]
[Source "lmi"]
[SourceDate "2010.07.18"]

1. e4 c5 2. Nf3 e6 3. d4 cxd4 4. Nxd4 a6 5. Bd3 Nf6 6. f4 d6 7. Qf3 Qc7 8. Nc3
Be7 9. g4 Nc6 10. Nde2 d5 11. exd5 Nxd5 12. Nxd5 exd5 13. Bd2 Bd7 14. O-O-O
O-O-O 15. Nc3 Nb4 16. Kb1 Bc6 17. Rhe1 Rhe8 18. Qh3 d4 19. Ne4 Bd5 20. a3 Nxd3
21. Qxd3 Bc4 22. Qg3 d3 23. Bc3 dxc2+ 24. Kxc2 Rxd1 25. Kxd1 Rd8+ 26. Kc1 Bd3
27. Re3 Qd7 28. Nf2 Bb5 29. Re1 Bd6 30. Ne4 Be7 31. Ba5 Re8 32. Qc3+ Bc6 33. g5
Kb8 34. Nc5 Bxc5 35. Rxe8+ Qxe8 36. Qxc5 Be4 37. Qc7+ Ka8 38. Bc3 g6 39. Qe5
Qxe5 40. Bxe5 b5 41. Kd2 Kb7 42. Ke3 Bf5 43. Kd4 Kc6 44. Bg7 a5 45. Bf8 a4 46.
Ke5 Be6 47. Bb4 Bc4 48. h4 Bb3 49. Kf6 Kd7 50. Bc3 Bc4 51. Be5 Bb3 52. Bc3 Bc4
53. f5 Ke8 54. Kg7 Bd3 55. fxg6 hxg6 1/2-1/2

[Event "4. Open Hotel Avenida de Canarias 2010"]
[Site "Vecindario ESP"]
[Date "2010.07.19"]
[Round "3.18"]
[White "Barlov, Dragan"]
[Black "Rodriguez Perez, Jezabel"]
[Result "1-0"]
[WhiteElo "2493"]
[BlackElo "1905"]
[PlyCount "59"]
[EventDate "2010.07.18"]
[EventType "swiss"]
[EventRounds "9"]
[EventCountry "ESP"]
[Source "lmi"]
[SourceDate "2010.07.18"]

1. d4 Nf6 2. c4 g6 3. Nf3 Bg7 4. g3 O-O 5. Bg2 d5 6. O-O Nc6 7. cxd5 Nxd5 8. e4
Nb6 9. d5 Na5 10. Qd2 Nac4 11. Qc2 Bd7 12. Nc3 Qc8 13. a4 a5 14. b3 Ne5 15.
Nxe5 Bxe5 16. Be3 Ra6 17. Rac1 c6 18. dxc6 bxc6 19. Rfd1 Bh3 20. Nb1 Bxg2 21.
Kxg2 Na8 22. Na3 Qe6 23. Qd3 Nc7 24. Nc4 Bf6 25. Bb6 Qc8 26. Be3 Ne6 27. Nb6
Qb7 28. Nd7 Rd8 29. Qc4 Bg5 30. Nc5 1-0

[Event "4. Open Hotel Avenida de Canarias 2010"]
[Site "Vecindario ESP"]
[Date "2010.07.19"]
[Round "3.20"]
[White "Monzon Aleman, Ayoze"]
[Black "Hernando Rodrigo, Jose Maria"]
[Result "1/2-1/2"]
[WhiteElo "1750"]
[BlackElo "2328"]
[PlyCount "75"]
[EventDate "2010.07.18"]
[EventType "swiss"]
[EventRounds "9"]
[EventCountry "ESP"]
[Source "lmi"]
[SourceDate "2010.07.18"]

1. e4 d5 2. exd5 Qxd5 3. Nc3 Qa5 4. Nf3 Bg4 5. h3 Bh5 6. Be2 Nf6 7. d3 c6 8.
Be3 e6 9. a3 Nbd7 10. Qd2 Nd5 11. Nxd5 Qxd2+ 12. Nxd2 cxd5 13. Bxh5 Rc8 14. Rc1
g6 15. Bf3 Bg7 16. d4 Nb6 17. Be2 O-O 18. b3 Rfd8 19. O-O Bf8 20. c4 dxc4 21.
Nxc4 Nd5 22. Bf3 Nxe3 23. fxe3 b5 24. Ne5 Bxa3 25. Rxc8 Rxc8 26. Nxf7 Bc1 27.
Nh6+ Kg7 28. Ng4 h5 29. Nf2 Bxe3 30. d5 exd5 31. Bxd5 Rc2 32. g3 Rd2 33. Be6
Kf6 34. Bg8 Kg7 35. Be6 Rd6 36. Bc8 Rd3 37. Be6 Rd6 38. Bc8 1/2-1/2

[Event "4. Open Hotel Avenida de Canarias 2010"]
[Site "Vecindario ESP"]
[Date "2010.07.19"]
[Round "3.21"]
[White "Aguila Hernandez, Eduardo"]
[Black "Gutierrez Olivares, Daniel"]
[Result "1/2-1/2"]
[WhiteElo "1734"]
[BlackElo "2167"]
[PlyCount "52"]
[EventDate "2010.07.18"]
[EventType "swiss"]
[EventRounds "9"]
[EventCountry "ESP"]
[Source "lmi"]
[SourceDate "2010.07.18"]

1. e4 c5 2. Nf3 a6 3. c3 e6 4. d4 d5 5. e5 Nc6 6. Be3 cxd4 7. cxd4 Nh6 8. Bxh6
gxh6 9. Bd3 Qb6 10. Qd2 Bd7 11. Be2 Bg7 12. Nc3 O-O 13. O-O f6 14. Na4 Qc7 15.
exf6 Rxf6 16. Nc5 Nxd4 17. Rae1 Nxe2+ 18. Qxe2 Bb5 19. Nd3 Qd6 20. Qe5 Qb6 21.
Qe2 Raf8 22. Rc1 Rf5 23. Nh4 Rxf2 24. Rxf2 Rxf2 25. Qxf2 Bd4 26. Rc8+ Kg7
1/2-1/2

[Event "4. Open Hotel Avenida de Canarias 2010"]
[Site "Vecindario ESP"]
[Date "2010.07.19"]
[Round "3.22"]
[White "Angel Acosta, Juan Carlos"]
[Black "Rivas Crespo, Alejandro"]
[Result "1-0"]
[WhiteElo "2160"]
[BlackElo "1755"]
[PlyCount "95"]
[EventDate "2010.07.18"]
[EventType "swiss"]
[EventRounds "9"]
[EventCountry "ESP"]
[Source "lmi"]
[SourceDate "2010.07.18"]

1. d4 Nf6 2. Nf3 g6 3. c4 Bg7 4. g3 O-O 5. Bg2 d6 6. O-O Nbd7 7. Nc3 e5 8. h3
c6 9. e4 a5 10. Be3 b6 11. Re1 Ba6 12. Bf1 Qc7 13. Rc1 c5 14. dxe5 Nxe5 15.
Nxe5 dxe5 16. Bg5 Bb7 17. Qc2 Bc6 18. Rcd1 Rad8 19. Nd5 Bxd5 20. cxd5 Qd6 21.
Bb5 h6 22. Be3 Nd7 23. Bd3 Kh7 24. Kg2 f6 25. a3 Rb8 26. a4 Rf7 27. Rf1 Re8 28.
f3 Ref8 29. g4 g5 30. Bb5 Rd8 31. Qb3 Nf8 32. Bc6 Rb8 33. Kg3 Ng6 34. Qb5 Ne7
35. Bd7 Rff8 36. Be6 Rh8 37. Rd3 Bf8 38. Rb3 Bg7 39. Rh1 Kg6 40. h4 Qd8 41. Rd1
Qd6 42. Qc4 h5 43. gxh5+ Rxh5 44. hxg5 fxg5 45. Bg4 Rh7 46. Qa6 Bf6 47. Rb5
Rhh8 48. Bxc5 1-0

[Event "4. Open Hotel Avenida de Canarias 2010"]
[Site "Vecindario ESP"]
[Date "2010.07.19"]
[Round "3.23"]
[White "Ruiz Delgado, Basilio"]
[Black "Lopez Colon, Francisco"]
[Result "1/2-1/2"]
[WhiteElo "1720"]
[BlackElo "2152"]
[PlyCount "131"]
[EventDate "2010.07.18"]
[EventType "swiss"]
[EventRounds "9"]
[EventCountry "ESP"]
[Source "lmi"]
[SourceDate "2010.07.18"]

1. Nf3 d5 2. d4 Nf6 3. c4 c6 4. Nc3 g6 5. e3 Bg7 6. cxd5 cxd5 7. Bb5+ Bd7 8.
Qb3 Bxb5 9. Qxb5+ Qd7 10. Ne5 Qxb5 11. Nxb5 Na6 12. Bd2 Nd7 13. Nxd7 Kxd7 14.
Rc1 Rhc8 15. Ke2 Rc6 16. a3 Nc7 17. Nxc7 Kxc7 18. Bb4 Bf6 19. Rc5 Rxc5 20. Bxc5
b6 21. Bb4 a5 22. Rc1+ Kb7 23. Bd2 Rc8 24. Rxc8 Kxc8 25. a4 Kb7 26. Kd3 e6 27.
f4 h5 28. g3 Kc6 29. h3 Be7 30. g4 hxg4 31. hxg4 g5 32. Be1 gxf4 33. exf4 Bd6
34. Bd2 b5 35. b3 Kb6 36. Be3 bxa4 37. bxa4 Kc6 38. Bd2 Bc7 39. Ke2 Kd7 40. Kf3
Bb6 41. Bc3 Ke7 42. g5 Kf8 43. Kg4 Kg7 44. f5 exf5+ 45. Kxf5 Bc7 46. Bd2 Kf8
47. Bf4 Bd8 48. Ke5 Bc7+ 49. Kf5 Bd8 50. Bd6+ Kg7 51. Ke5 Bxg5 52. Kxd5 f5 53.
Kc6 f4 54. d5 f3 55. Bg3 Be3 56. d6 f2 57. Bxf2 Bxf2 58. d7 Bh4 59. Kc7 Kf7 60.
d8=Q Bxd8+ 61. Kxd8 Ke6 62. Kc7 Kd5 63. Kb6 Kc4 64. Kxa5 Kc5 65. Ka6 Kc6 66.
Ka7 1/2-1/2

[Event "4. Open Hotel Avenida de Canarias 2010"]
[Site "Vecindario ESP"]
[Date "2010.07.19"]
[Round "3.24"]
[White "Stojanovic, Marija R"]
[Black "Korneev, Svyatoslav"]
[Result "1/2-1/2"]
[WhiteElo "2151"]
[BlackElo "1724"]
[PlyCount "21"]
[EventDate "2010.07.18"]
[EventType "swiss"]
[EventRounds "9"]
[EventCountry "ESP"]
[Source "lmi"]
[SourceDate "2010.07.18"]

1. e4 e6 2. d4 d5 3. Nd2 Nf6 4. e5 Nfd7 5. Bd3 c5 6. c3 Nc6 7. Ne2 cxd4 8. cxd4
f6 9. exf6 Nxf6 10. Nf3 Bd6 11. O-O 1/2-1/2

[Event "4. Open Hotel Avenida de Canarias 2010"]
[Site "Vecindario ESP"]
[Date "2010.07.19"]
[Round "3.25"]
[White "Villavicencio Martinez, Carlos"]
[Black "Rodriguez Mellado, Antonio"]
[Result "1-0"]
[WhiteElo "2134"]
[BlackElo "1716"]
[PlyCount "57"]
[EventDate "2010.07.18"]
[EventType "swiss"]
[EventRounds "9"]
[EventCountry "ESP"]
[Source "lmi"]
[SourceDate "2010.07.18"]

1. Nf3 Nf6 2. c4 c5 3. Nc3 d5 4. cxd5 Nxd5 5. g3 Nc6 6. Bg2 g6 7. O-O Bg7 8.
Qb3 e6 9. a3 O-O 10. d3 h6 11. Bd2 a6 12. Rac1 Na5 13. Qa2 Nc6 14. Na4 b6 15.
b4 cxb4 16. Rxc6 Bd7 17. Rd6 Qe7 18. Rxd5 b3 19. Rxd7 Qxd7 20. Qxb3 Rab8 21.
Nxb6 Qd6 22. Be3 Rfd8 23. a4 a5 24. Nd2 Bd4 25. Bxd4 Qxd4 26. Ndc4 Rdc8 27. Rb1
h5 28. Nxa5 h4 29. Nc6 1-0

[Event "4. Open Hotel Avenida de Canarias 2010"]
[Site "Vecindario ESP"]
[Date "2010.07.19"]
[Round "3.27"]
[White "Hernandez Leon, Sergio"]
[Black "Leon Manas, Jose Francisco"]
[Result "1-0"]
[WhiteElo "2131"]
[BlackElo "1712"]
[PlyCount "117"]
[EventDate "2010.07.18"]
[EventType "swiss"]
[EventRounds "9"]
[EventCountry "ESP"]
[Source "lmi"]
[SourceDate "2010.07.18"]

1. d4 d5 2. Nf3 Nf6 3. e3 Bg4 4. h3 Bf5 5. c4 c6 6. Nc3 e6 7. Nh4 Bg6 8. Nxg6
hxg6 9. Bd2 Bd6 10. Rc1 a6 11. Bd3 dxc4 12. Bxc4 Nbd7 13. Qf3 Nb6 14. Bd3 Bc7
15. Ne4 Nxe4 16. Bxe4 Nd5 17. Bb1 Ba5 18. Qe2 Qb6 19. Bxa5 Qxa5+ 20. Qd2 Qxd2+
21. Kxd2 O-O-O 22. Ke2 Ne7 23. Rhd1 Rh5 24. Be4 Kc7 25. Bf3 Rb5 26. Rd2 Nf5 27.
Rc5 Rd6 28. Rdc2 Nh4 29. Be4 Rxc5 30. dxc5 Rd8 31. g3 Nf5 32. b4 Ne7 33. a4 Nd5
34. Bxd5 exd5 35. Rd2 Re8 36. Rd4 Re4 37. Rxe4 dxe4 38. f3 exf3+ 39. Kxf3 Kd7
40. e4 Ke6 41. Kf4 f6 42. h4 Ke7 43. g4 Kf7 44. e5 Ke6 45. exf6 Kxf6 46. g5+
Ke6 47. Kg4 Ke5 48. h5 gxh5+ 49. Kxh5 Kf5 50. a5 Ke5 51. Kg6 Kf4 52. Kxg7 Kxg5
53. Kf7 Kf5 54. Ke7 Ke5 55. Kd7 Kd5 56. Kc7 Kc4 57. Kxb7 Kxb4 58. Kxc6 Kxa5 59.
Kd5 1-0

[Event "4. Open Hotel Avenida de Canarias 2010"]
[Site "Vecindario ESP"]
[Date "2010.07.19"]
[Round "3.28"]
[White "Jimenez Mendoza, Jose Miguel"]
[Black "Gonzalez Intelangelo, Gerardo"]
[Result "1/2-1/2"]
[WhiteElo "1696"]
[BlackElo "2104"]
[PlyCount "54"]
[EventDate "2010.07.18"]
[EventType "swiss"]
[EventRounds "9"]
[EventCountry "ESP"]
[Source "lmi"]
[SourceDate "2010.07.18"]

1. e4 d5 2. exd5 Qxd5 3. Nc3 Qa5 4. Nf3 Nf6 5. Be2 Bf5 6. d3 c6 7. Bd2 Qc7 8.
Bg5 e6 9. Qd2 Nbd7 10. h3 Bd6 11. O-O-O h6 12. Be3 b5 13. Nd4 Bg6 14. Bf3 Nd5
15. Nxd5 exd5 16. Rde1 O-O 17. Qc3 Rac8 18. Bg4 b4 19. Qxc6 Qxc6 20. Nxc6 Rxc6
21. Bxd7 Rc7 22. Bg4 f5 23. Bf3 Bf7 24. Bd4 Rfc8 25. Re2 a5 26. Bb6 Rc6 27. Bd4
a4 1/2-1/2

[Event "4. Open Hotel Avenida de Canarias 2010"]
[Site "Vecindario ESP"]
[Date "2010.07.19"]
[Round "3.29"]
[White "Majul, Isolina"]
[Black "Sanchez Montesdeoca, Isaac"]
[Result "1-0"]
[WhiteElo "2099"]
[BlackElo "1705"]
[PlyCount "91"]
[EventDate "2010.07.18"]
[EventType "swiss"]
[EventRounds "9"]
[EventCountry "ESP"]
[Source "lmi"]
[SourceDate "2010.07.18"]

1. e4 c5 2. Nf3 d6 3. Nc3 g6 4. d4 cxd4 5. Nxd4 Nf6 6. Bg5 Bg7 7. Be2 Nc6 8.
Nb3 O-O 9. O-O Bd7 10. Re1 Rc8 11. Bf1 Ne5 12. Nd5 Nxd5 13. exd5 Re8 14. c3 Qb6
15. h3 Ba4 16. Be3 Qc7 17. Bd4 b6 18. f4 Nc4 19. Bxg7 Kxg7 20. Qd4+ Kg8 21.
Rab1 Bd7 22. Bd3 e5 23. dxe6 Bxe6 24. Qf2 a5 25. f5 Bd5 26. f6 Ne5 27. Qh4 Qd8
28. Rf1 Re6 29. Ba6 Rc7 30. Nd4 Qf8 31. Nxe6 Bxe6 32. a3 h6 33. Rbd1 Kh7 34.
Qd4 Rd7 35. Qxb6 d5 36. Bb5 Rd6 37. Qxa5 Qc8 38. Qb4 Qc7 39. a4 g5 40. Qd4 Rb6
41. Kh1 g4 42. Qf4 gxh3 43. Rde1 hxg2+ 44. Kxg2 Rb8 45. Rxe5 Rg8+ 46. Kh1 1-0

[Event "4. Open Hotel Avenida de Canarias 2010"]
[Site "Vecindario ESP"]
[Date "2010.07.19"]
[Round "3.30"]
[White "Monteiro Rodrigues, Carlos"]
[Black "Sanchez Quintero, Raul"]
[Result "0-1"]
[WhiteElo "1672"]
[BlackElo "2094"]
[PlyCount "88"]
[EventDate "2010.07.18"]
[EventType "swiss"]
[EventRounds "9"]
[EventCountry "ESP"]
[Source "lmi"]
[SourceDate "2010.07.18"]

1. e4 c5 2. Nf3 d6 3. d4 cxd4 4. Nxd4 Nf6 5. Nc3 a6 6. Be2 e5 7. Nb3 Be6 8. Bg5
Nbd7 9. O-O Be7 10. f4 Qc7 11. Nd5 Bxd5 12. exd5 h6 13. Bh4 Nxd5 14. Bxe7 Nxe7
15. fxe5 dxe5 16. Bd3 Nf6 17. Qe2 O-O-O 18. Rad1 Ned5 19. Kh1 Rhe8 20. Be4 Nf4
21. Qf3 Rxd1 22. Rxd1 Nxe4 23. Qxe4 Qc6 24. Qxc6+ bxc6 25. Nc5 e4 26. g3 Ne6
27. Nxe4 Kc7 28. Kg2 f5 29. Nc3 g5 30. Rd2 f4 31. g4 Nc5 32. Re2 Rxe2+ 33. Nxe2
Kd6 34. Nc3 Ke5 35. Kf3 Ne6 36. Ne2 Nd4+ 37. Nxd4 Kxd4 38. a3 c5 39. h3 c4 40.
Ke2 a5 41. Kf3 a4 42. Ke2 c3 43. b4 axb3 44. cxb3 f3+ 0-1

[Event "4. Open Hotel Avenida de Canarias 2010"]
[Site "Vecindario ESP"]
[Date "2010.07.19"]
[Round "3.31"]
[White "Sanchez Ramirez, Gustavo"]
[Black "Rodriguez Perez, David"]
[Result "0-1"]
[WhiteElo "1661"]
[BlackElo "2039"]
[PlyCount "102"]
[EventDate "2010.07.18"]
[EventType "swiss"]
[EventRounds "9"]
[EventCountry "ESP"]
[Source "lmi"]
[SourceDate "2010.07.18"]

1. e4 c5 2. Nf3 d6 3. d4 cxd4 4. Nxd4 Nf6 5. Nc3 g6 6. Bc4 Bg7 7. O-O O-O 8.
Re1 Nc6 9. Nb3 a5 10. Be3 Ng4 11. f3 Nxe3 12. Rxe3 a4 13. Nd2 Bd4 14. Nf1 Bxe3+
15. Nxe3 Be6 16. Bd3 Qb6 17. Qd2 Ne5 18. Kf1 Rfc8 19. Ned5 Bxd5 20. Nxd5 Qxb2
21. Rd1 Nc6 22. Qg5 Rd8 23. Nxe7+ Nxe7 24. Qxe7 b5 25. h4 h5 26. f4 Kg7 27. Qg5
Qf6 28. Bxb5 Qc3 29. Bd3 Re8 30. f5 Ra5 31. g4 Qf6 32. Qxf6+ Kxf6 33. gxh5 gxf5
34. exf5 Rh8 35. Be2 Rxf5+ 36. Kg2 Ke5 37. Rd3 Rf4 38. Kh3 Rf2 39. Bd1 f5 40.
Kg3 Rf4 41. Bf3 Rg8+ 42. Kh3 Rd4 43. Rc3 Kf4 44. Bc6 d5 45. Ra3 Ke4 46. Bxa4
Ra8 47. c4 Kf4 48. h6 Rxc4 49. h7 Rcc8 50. Rg3 Rxa4 51. Rg8 Rc3+ 0-1

[Event "4. Open Hotel Avenida de Canarias 2010"]
[Site "Vecindario ESP"]
[Date "2010.07.19"]
[Round "3.32"]
[White "De La Hoz Sanchez, Ruben"]
[Black "Aleman Alamo, Nicolas"]
[Result "0-1"]
[WhiteElo "2027"]
[BlackElo "1681"]
[PlyCount "96"]
[EventDate "2010.07.18"]
[EventType "swiss"]
[EventRounds "9"]
[EventCountry "ESP"]
[Source "lmi"]
[SourceDate "2010.07.18"]

1. e4 e6 2. d4 d5 3. Bd3 b6 4. exd5 exd5 5. Bf4 Ba6 6. Qe2+ Qe7 7. Bxc7 Bxd3 8.
Qxe7+ Bxe7 9. cxd3 Nc6 10. Nc3 Nxd4 11. Be5 Bf6 12. Bxd4 Bxd4 13. Nge2 Bxc3+
14. bxc3 Nf6 15. Kd2 Kd7 16. a4 Rac8 17. a5 b5 18. a6 Rhe8 19. f3 Re6 20. Nd4
Rb6 21. Rhb1 Rd8 22. Rb4 Ne8 23. Ra5 Nc7 24. g3 g6 25. Kc2 Kd6 26. Kb3 Kc5 27.
Kc2 Kd6 28. Rb1 Kc5 29. Re1 Ne6 30. Nxe6+ Rxe6 31. Rxe6 fxe6 32. Kb3 e5 33. Ra1
Rf8 34. Rf1 Kb6 35. Kb4 Kxa6 36. Kc5 Rc8+ 37. Kxd5 Rxc3 38. Rd1 Kb6 39. Kxe5 a5
40. Kd4 b4 41. Re1 Rc6 42. Re8 Kb5 43. f4 b3 44. Rb8+ Ka4 45. g4 Ka3 46. Kd5
Rc1 47. f5 gxf5 48. gxf5 b2 0-1